Southville International School and Colleges
Your cart is empty.
  • Cart
  • Lists
    Public lists Eva Luna New books Lux_list list_1
    Your lists Log in to create your own lists
  • Log in to your account
  • Your cookies
  • Search history
Southville International School and Colleges
  • Advanced search
  • Recent comments
  • Most popular
  • Libraries

Log in to your account

Log in with GOOGLE


If you do not have an external account, but do have a local account, you can still log in:

  1. Home
  2. MARC view: Textbook of hotel housekeeping management & operations /
Normal view MARC view ISBD view

Textbook of hotel housekeeping management & operations / (Record no. 344580)

[ view plain ]
MARC details
000 -LEADER
fixed length control field 00637nam a2200241Ia 4500
008 - FIXED-LENGTH DATA ELEMENTS--GENERAL INFORMATION
fixed length control field 171025s9999 xx 000 0 und d
020 ## - INTERNATIONAL STANDARD BOOK NUMBER
International Standard Book Number 9780070655720
050 ## - LIBRARY OF CONGRESS CALL NUMBER
Classification number 647.94
050 ## - LIBRARY OF CONGRESS CALL NUMBER
Item number An562t 2008
100 ## - MAIN ENTRY--PERSONAL NAME
Personal name Andrews, Sudhir
245 ## - TITLE STATEMENT
Title Textbook of hotel housekeeping management & operations /
245 ## - TITLE STATEMENT
Statement of responsibility, etc Sudhir Andrews.
250 ## - EDITION STATEMENT
Edition statement International edition.
260 ## - PUBLICATION, DISTRIBUTION, ETC. (IMPRINT)
Place of publication, distribution, etc Philippines :
260 ## - PUBLICATION, DISTRIBUTION, ETC. (IMPRINT)
Name of publisher, distributor, etc McGraw Hill,
260 ## - PUBLICATION, DISTRIBUTION, ETC. (IMPRINT)
Date of publication, distribution, etc 2008
300 ## - PHYSICAL DESCRIPTION
Extent xvii, 478 pages :
300 ## - PHYSICAL DESCRIPTION
Other physical details illustrations ;
300 ## - PHYSICAL DESCRIPTION
Dimensions 24cm.
440 ## - SERIES STATEMENT/ADDED ENTRY--TITLE
Title The McGraw-Hill Companies.
650 ## - SUBJECT ADDED ENTRY--TOPICAL TERM
Topical term or geographic name as entry element Hotel housekeeping.
700 ## - ADDED ENTRY--PERSONAL NAME
Personal name Title.
Holdings
Withdrawn status Lost status Damaged status Home library Current library Date acquired Total Checkouts Full call number Barcode Date last seen Price effective from Koha item type
      Stonyhurst Southville International School (Malarayat) Stonyhurst Southville International School (Malarayat) 10/25/2017   SHS 647.94 An562t 2008 SSISM3633 10/25/2017 10/25/2017 Books

Textbook of hotel housekeeping management & operations /

APA

Andrews S., Title, .Textbook of hotel housekeeping management & operations. Philippines: .

Chicago

Andrews Sudhir, Title, .Textbook of hotel housekeeping management & operations. Philippines: .

Harvard

Andrews S., Title, .Textbook of hotel housekeeping management & operations. Philippines: .

MLA

Andrews Sudhir, Title, .Philippines: . .

  • Place hold
  • Print
  • Cite
  • Add to your cart (remove)
  • Save record
    BIBTEX Dublin Core MARCXML MARC (non-Unicode/MARC-8) MARC (Unicode/UTF-8) MARC (Unicode/UTF-8, Standard) MODS (XML) RIS
  • More searches
    Search for this title in:
    Other Libraries (WorldCat) Other Databases (Google Scholar) Online Stores (Bookfinder.com) Open Library (openlibrary.org)

Exporting to Dublin Core...

SOUTHVILLE LIBRARY

Southville International School and Colleges Library

1281 Tropical Ave. Cor. Luxembourg St., BF Homes International, Las Pinas City

Tel. No. 8256374 / 252358 Loc. 117/146

Powered by Koha